<?xml version="1.0" encoding="UTF-8"?>
<marc:record xmlns:marc="http://www.loc.gov/MARC21/slim">
   <marc:leader>00000nam a2200000 a 4500</marc:leader>
   <marc:datafield ind1="1" ind2=" " tag="100">
      <marc:subfield code="a">Strømsborg, Linn</marc:subfield>
      <marc:subfield code="4">aut</marc:subfield>
      <marc:subfield code="e">Verfasser/-in</marc:subfield>
   </marc:datafield>
   <marc:datafield ind1=" " ind2=" " tag="653">
      <marc:subfield code="a">Erzählende Literatur: Gegenwartsliteratur ab 1945</marc:subfield>
   </marc:datafield>
   <marc:datafield ind1=" " ind2=" " tag="653">
      <marc:subfield code="a">Fiktionale Darstellung</marc:subfield>
   </marc:datafield>
   <marc:datafield ind1="0" ind2="0" tag="245">
      <marc:subfield code="a">Verdammt wütend</marc:subfield>
   </marc:datafield>
   <marc:datafield ind1="0" ind2="0" tag="245">
      <marc:subfield code="b">Roman</marc:subfield>
   </marc:datafield>
   <marc:datafield ind1=" " ind2="1" tag="264">
      <marc:subfield code="b">DuMont Buchverlag</marc:subfield>
      <marc:subfield code="c">2024</marc:subfield>
   </marc:datafield>
   <marc:datafield ind1="1" ind2=" " tag="520">
      <marc:subfield code="a">Frau zu sein, bedeutet, Feministin zu sein, aber nur so, dass es für Männer noch in Ordnung ist. Frau zu sein, bedeutet, den Apfel zu essen, der Schlange zu glauben, um 3:14 Uhr eine Nachricht zu bekommen: Noch wach? Frau zu sein, bedeutet, wegen der Gender-Pay-Gaps tagelang umsonst zu arbeiten, wütend zu sein, eine Furie zu sein, der ganzen Familie zu sagen, haltet die Klappe, ich kann mich selbst nicht denken hören. Frau zu sein, bedeutet, in der Nähe eines Sommerhauses im Meer zu treiben, nachdem du alle, die du liebst, angeschrieen hast, sie sollen sich zusammenreißen. Frau zu sein bedeutet, reiß die zusammen!!!</marc:subfield>
   </marc:datafield>
   <marc:datafield ind1=" " ind2=" " tag="020">
      <marc:subfield code="a">9783832168438</marc:subfield>
      <marc:subfield code="9">9783832168438</marc:subfield>
   </marc:datafield>
</marc:record>
